[Event "Bandarabbas Blitz"]
[Site "Bandarabbas"]
[Date "2016.01.29"]
[Round "3.2"]
[White "Samareh Shahpasand, Farshad"]
[Black "Shamsaldini, Sohrab"]
[Result "1-0"]
[WhiteElo "2034"]
[BlackElo "1774"]
[PlyCount "51"]
[EventDate "2015.12.31"]
[EventType "swiss (blitz)"]
[EventRounds "9"]
[EventCountry "IRI"]
[SourceTitle "EXT 2024"]
[Source "ChessBase"]
[SourceDate "2023.10.10"]
[SourceVersion "1"]
[SourceVersionDate "2023.10.10"]
[SourceQuality "1"]

1. e4 Nf6 2. e5 Nd5 3. c4 Nb6 4. d4 d6 5. exd6 exd6 6. Nc3 Be7 7. h3 0-0 8. Nf3 Bf6 9. Be2 Nc6 10. 0-0 Na5 11. b3 c5 12. Bb2 Nc6 13. Ne4 Be7 14. d5 Nb8 15. Qd2 Bf5 16. Bd3 Bg6 17. Qc3 f6 18. Neg5 Qc8 19. Ne6 Rf7 20. Bxg6 hxg6 21. Nh4 g5 22. Nf5 N8d7 23. Qg3 Ne5 24. f4 Ng6 25. fxg5 Ne5 26. Nxe7+ 1-0